000 00697nam a2200253Ia 4500
003 OSt
005 20220918110403.0
006 a|||||r|||| 00| 0
007 ta
008 220915b |||||||| |||| 00| 0 eng d
024 _a2971
037 _cReference Collections
040 _aARTS
_cARTS
_beng
041 _2eng
_aeng
082 _az73g, L7 (RR)
100 _aFodor Eugene ed
_97486
245 0 _aFodor's
260 _aNew York
_bHodder and Stoughton
_c1977
300 _axvi,931,illus
650 _aGENERALIA
700 _a Fisher Robert's ed
_97487
942 _hz73g, L7 (RR)
_cREF
999 _c112515
_d112515